Nuclear security strategies and techniques

Saved in:
Bibliographic Details
Format: Book
Tags: Add Tag
No Tags, Be the first to tag this record!
Call Number :

MARC

LEADER 00000pam a2200000 4500
001 27170
003 MY-KLNDU
005 20241218082228.0
020 0 0 |a 9788175331143 
035 |a 0000038888 
039 9 |a 200911181253  |b VLOAD  |y 200910091759  |z VLOAD 
040 |a FPPP 
245 0 0 |a Nuclear security strategies and techniques 
591 |a 0000009542  |b 13/07/09  |c 0198-07  |d 1  |e RM259  |f 1  |g 259  |h Pustaka Darul Warisan Sdn. Bhd. 
999 |a vtls000036771  |c 27170  |d 27170